[Event "Madrid San Viator op 20th"]
[Site "Madrid"]
[Date "2013.05.12"]
[Round "5"]
[White "Moreno Zamora, Gregorio"]
[Black "Andres Rodriguez, Florencio"]
[Result "1-0"]
[WhiteElo "1725"]
[BlackElo "1575"]
[PlyCount "73"]
[EventDate "2013.04.07"]
[EventType "swiss"]
[EventRounds "9"]
[EventCountry "ESP"]
[SourceTitle "EXT 2014"]
[Source "ChessBase"]
[SourceDate "2013.11.20"]
[SourceVersion "1"]
[SourceVersionDate "2013.11.20"]
[SourceQuality "1"]

1. e4 c5 2. Nf3 d6 3. d4 cxd4 4. Nxd4 Nf6 5. Nc3 e6 6. Be3 Nbd7 7. Ndb5 a6 8. Nxd6+ Bxd6 9. Qxd6 Qe7 10. Qxe7+ Kxe7 11. a4 Ne5 12. f3 Bd7 13. Bc5+ Ke8 14. Be2 Rc8 15. Bd6 Nc6 16. Rd1 e5 17. 0-0 Na5 18. Bxe5 Nc4 19. Bxc4 Rxc4 20. Rd4 Rxd4 21. Bxd4 Nh5 22. Nd5 f6 23. g4 Bxa4 24. b3 Bc6 25. gxh5 Kf7 26. h6 Rg8 27. hxg7 Rxg7+ 28. Kf2 Rg6 29. Nxf6 Rxf6 30. Bxf6 Kxf6 31. Ke3 b5 32. Rd1 Ke5 33. f4+ Ke6 34. Kd4 Kf6 35. b4 Bd7 36. Kc5 Bg4 37. Rd6+ 1-0

[Event "Madrid San Viator op 19th"]
[Site "Madrid"]
[Date "2012.10.28"]
[Round "6"]
[White "Rodriguez Alonso, Marcos"]
[Black "Moreno Zamora, Gregorio"]
[Result "1-0"]
[WhiteElo "1596"]
[BlackElo "1724"]
[PlyCount "85"]
[EventDate "2012.09.23"]
[EventType "swiss"]
[EventRounds "9"]
[EventCountry "ESP"]
[SourceTitle "EXT 2013"]
[Source "ChessBase"]
[SourceDate "2012.11.22"]
[SourceVersion "1"]
[SourceVersionDate "2012.11.22"]
[SourceQuality "1"]

1. e4 c6 2. d4 d5 3. exd5 cxd5 4. Bd3 Nc6 5. c3 g6 6. Nf3 Qc7 7. Be3 Bg7 8. h3 Nh6 9. Nh4 e5 10. Qd2 Ng8 11. dxe5 Qxe5 12. Nf3 Qd6 13. 0-0 Nge7 14. Bf4 Qd8 15. Na3 a6 16. Nc2 0-0 17. Bh6 Nf5 18. Bxg7 Kxg7 19. Bxf5 Bxf5 20. Ncd4 Be4 21. Ng5 Re8 22. Rfe1 h6 23. Nxc6 bxc6 24. Nxe4 dxe4 25. Qc2 f5 26. Rad1 Qc7 27. c4 Rad8 28. Qc3+ Kf7 29. Qe3 g5 30. Qc5 Kf6 31. Qa3 f4 32. Qc3+ Qe5 33. Qa3 a5 34. Qa4 Qc5 35. Qc2 Rxd1 36. Rxd1 e3 37. fxe3 Rxe3 38. Kh1 Qe5 39. Qd2 Re2 40. Qd8+ Kg6 41. Qd3+ Kh5 42. Qf3+ Kh4 43. Qg4# 1-0

[Event "Madrid San Viator op 19th"]
[Site "Madrid"]
[Date "2012.10.21"]
[Round "5"]
[White "Moreno Zamora, Gregorio"]
[Black "Soto Martin, Miguel"]
[Result "0-1"]
[WhiteElo "1724"]
[BlackElo "1493"]
[PlyCount "126"]
[EventDate "2012.09.23"]
[EventType "swiss"]
[EventRounds "9"]
[EventCountry "ESP"]
[SourceTitle "EXT 2013"]
[Source "ChessBase"]
[SourceDate "2012.11.22"]
[SourceVersion "1"]
[SourceVersionDate "2012.11.22"]
[SourceQuality "1"]

1. d4 Nf6 2. c4 g6 3. Nc3 Bg7 4. e4 d6 5. f4 0-0 6. Nf3 Nbd7 7. e5 dxe5 8. dxe5 Ne8 9. e6 fxe6 10. Ng5 Bxc3+ 11. bxc3 Ng7 12. Be2 Nc5 13. Qc2 Nf5 14. 0-0 Qd7 15. a4 a5 16. Nf3 Qe8 17. Ne5 Bd7 18. Bd1 Bc6 19. Nxc6 Qxc6 20. Bf3 Qa6 21. Be2 Rad8 22. Rf3 Qc6 23. Rh3 Qe4 24. Qxe4 Nxe4 25. Bf3 Ned6 26. c5 Nc4 27. Kf2 b6 28. g4 Ng7 29. Be2 Nd2 30. Bxd2 Rxd2 31. Ke3 Rd5 32. cxb6 cxb6 33. c4 Rc5 34. Rf3 e5 35. Rb1 exf4+ 36. Rxf4 Rc6 37. Rxf8+ Kxf8 38. Ke4 Ne6 39. Ra1 Nc5+ 40. Kf4 h6 41. h4 Kf7 42. g5 hxg5+ 43. Kxg5 Ne4+ 44. Kf4 Nd2 45. Rc1 Nb3 46. Rc3 Nc5 47. Bd1 Rf6+ 48. Ke3 e5 49. h5 g5 50. Bc2 g4 51. Bg6+ Kg7 52. Be4 Nxa4 53. Rd3 Nc5 54. Rd5 Rf4 55. Bg6 Rxc4 56. Rxe5 Kh6 57. Re8 Nd7 58. Re6 Kg5 59. h6 Rc8 60. Bd3 Rh8 61. Rg6+ Kh5 62. Bf5 Ne5 63. Rxb6 Nc4+ 0-1

[Event "Madrid San Viator op 19th"]
[Site "Madrid"]
[Date "2012.10.14"]
[Round "4"]
[White "Moreno Zamora, Gregorio"]
[Black "Garcia Ruiz Fuentes, Angel Marcos"]
[Result "0-1"]
[WhiteElo "1724"]
[BlackElo "1943"]
[PlyCount "56"]
[EventDate "2012.09.23"]
[EventType "swiss"]
[EventRounds "9"]
[EventCountry "ESP"]
[SourceTitle "EXT 2013"]
[Source "ChessBase"]
[SourceDate "2012.11.22"]
[SourceVersion "1"]
[SourceVersionDate "2012.11.22"]
[SourceQuality "1"]

1. c4 Nf6 2. Nc3 g6 3. g3 Bg7 4. Bg2 0-0 5. e4 d6 6. d3 e5 7. Nge2 c6 8. 0-0 Be6 9. h3 Qd7 10. Kh2 d5 11. cxd5 cxd5 12. f4 dxe4 13. dxe4 exf4 14. Nxf4 Bc4 15. Re1 Nc6 16. e5 Qxd1 17. Nxd1 Nh5 18. Nxh5 gxh5 19. Bf4 Rfe8 20. Ne3 Be6 21. Bxc6 bxc6 22. b3 Rad8 23. Rad1 a5 24. Rc1 Rd2+ 25. Ng2 Rxa2 26. Ra1 Rb2 27. Rab1 Rxb3 28. Rxb3 Bxb3 0-1

[Event "Madrid Chamartin op 1st"]
[Site "Madrid"]
[Date "2012.09.14"]
[Round "8"]
[White "Moreno Zamora, Gregorio"]
[Black "Orantes Sanz, Ricardo"]
[Result "1-0"]
[WhiteElo "1724"]
[BlackElo "1604"]
[PlyCount "53"]
[EventDate "2012.09.09"]
[EventType "swiss"]
[EventRounds "9"]
[EventCountry "ESP"]
[SourceTitle "CBM 150 Extra"]
[Source "ChessBase"]
[SourceDate "2012.10.19"]
[SourceVersion "1"]
[SourceVersionDate "2012.10.19"]
[SourceQuality "1"]

1. d4 Nf6 2. c4 e6 3. Nc3 Bb4 4. f3 b6 5. e4 0-0 6. Bg5 h6 7. Bh4 g5 8. Bf2 Bb7 9. Bd3 d6 10. Nge2 c5 11. a3 cxd4 12. axb4 dxc3 13. bxc3 Nbd7 14. Qd2 Ne5 15. h4 Nh7 16. hxg5 hxg5 17. f4 gxf4 18. Nxf4 Ng5 19. 0-0-0 Bxe4 20. Qe2 Nxd3+ 21. Nxd3 Qf6 22. Kb2 Bg6 23. Bh4 Qe7 24. Nf4 Kg7 25. Qd2 Rh8 26. Bxg5 Qxg5 27. Nxe6+ 1-0